| 000 | 00974nam a2200241 a 4500 | ||
|---|---|---|---|
| 003 | BD-DhJNU | ||
| 005 | 20260217084521.0 | ||
| 008 | 251108s2022 bg |||g |||| 000 1|ben|d | ||
| 020 | _a9844460441 | ||
| 040 |
_aBD-DhJNU _bben _cBD-DhJNU _dBD-DhJNU |
||
| 041 | _aben | ||
| 082 |
_a909.02 SHB _223 |
||
| 100 | _aশাহনাওয়াজ, এ. কে. এম. | ||
| 245 | 1 | 0 |
_aবিশ্বসভ্যতা (মধ্য যুগ) / _cএ. কে. এম. শাহনাওয়াজ |
| 246 | _aBishwosobhyota (modhyo jug) | ||
| 250 | _a1st ed. | ||
| 260 |
_aঢাকা : _bপ্রতীক, _c2022. |
||
| 300 |
_a২৪০ পৃ. : _bচিত্র ; _c২২ সেমি.। |
||
| 504 | _aগ্রন্থপঞ্জিগত নির্দেশিকা ও নিঘন্ট অন্তভূক্ত | ||
| 650 | _aমধ্যযুগের বিশ্বসভ্যতা | ||
| 650 | _aMedieval world history | ||
| 942 | _cBK | ||
| 999 |
_c2621 _d2621 |
||